Nation in barracks (Record no. 1001038)

MARC details
000 -LEADER
fixed length control field 00955nam a2200289Ia 4500
003 - CONTROL NUMBER IDENTIFIER
control field OSt
005 - DATE AND TIME OF LATEST TRANSACTION
control field 20221005093853.0
008 - FIXED-LENGTH DATA ELEMENTS--GENERAL INFORMATION
fixed length control field 221004b |||||||| |||| 00| 0 eng d
020 ## - INTERNATIONAL STANDARD BOOK NUMBER
International Standard Book Number 1859738869
037 ## - SOURCE OF ACQUISITION
Terms of availability Textual
040 ## - CATALOGING SOURCE
Original cataloging agency CRL
Transcribing agency CRL
Language of cataloging eng
041 ## - LANGUAGE CODE
Source of code eng
Language code of text/sound track or separate title eng
100 ## - MAIN ENTRY--PERSONAL NAME
Personal name Frevert Ute
9 (RLIN) 618770
245 #0 - TITLE STATEMENT
Title Nation in barracks
Remainder of title Modern Germany, military conscription and civil society tr by Andrew Boreham and Daniel Bruckenhaus
260 ## - PUBLICATION, DISTRIBUTION, ETC.
Place of publication, distribution, etc. Oxford
Name of publisher, distributor, etc. Berg U. K.
Date of publication, distribution, etc. 2004
300 ## - PHYSICAL DESCRIPTION
Extent 322p.
Dimensions cm.
650 ## - SUBJECT ADDED ENTRY--TOPICAL TERM
Topical term or geographic name entry element HISTORY
650 ## - SUBJECT ADDED ENTRY--TOPICAL TERM
Topical term or geographic name entry element GERMAN - HISTORY
9 (RLIN) 28569
700 ## - ADDED ENTRY--PERSONAL NAME
Personal name Boreham Andrew Tr.
9 (RLIN) 618771
700 ## - ADDED ENTRY--PERSONAL NAME
Personal name Bruckenhaus Daniel Tr.
9 (RLIN) 618772
942 ## - ADDED ENTRY ELEMENTS (KOHA)
Classification part V55.N9, P4
Koha item type Textual
Source of classification or shelving scheme
Holdings
Withdrawn status Lost status Damaged status Not for loan Home library Current library Date acquired Source of acquisition Cost, normal purchase price Total Checkouts Full call number Barcode Date last seen Cost, replacement price Price effective from Koha item type
        Central Library Central Library 2022-10-05 150, 30/03/2005, KLM 1580.91   V55.N9 P4 CL1212225 2022-10-05 1580.91 2022-10-05 Textual
Copyright @ Delhi University Library System